000 01213nam a22002897a 4500
001 9808
003 FISKH
005 20260226135038.0
008 260226b cb ||||| |||| 00| 0 eng d
020 _a9780194793698
040 _aFISKH
_beng
_cFISKH
_dFISKH
050 _aPE1126 .A4 .B376925
082 _a428.6
100 _aBassett, Jennifer
_eAuthor
245 _aShirley Homes and the Lithuanian case /
_cJennifer Bassett ; illustrated by Nelson Evergreen
260 _aOxford :
_bOxford University Press ,
_c2012
300 _a55 pages :
_billustrations ;
_c20 cm
505 _aF
520 _aHelp your students read their way to better English.The Oxford Bookworms Library offers high-quality storytelling and a great reading experience, with a world wide range of classic and modern fiction, non-fiction and plays. Bookworms include original and adapted texts in seven carefully graded language stages (Starter to Stage 6), which take learnersfrom beginner to advanced level.
521 8 _a360
_bLexile
521 8 _aJ
_bRaz-Plus
650 _aIllustrations
_vMystery
650 _aNovel
_vTo-read
700 _aEvergreen, Nelson
_eIllustrator
942 _2ddc
_cBK
_n0
999 _c9808
_d9808